2025/26 Melhores Artilheiros da Primeira Liga Portugal - Statistics

Estatísticas Gerais
  • Esse quiz foi jogado 4 vezes
  • A pontuação média é 7 de 24
Estatísticas das Respostas
Goals Team Country Goalscorer % Correto
28 Sporting CP Colombia Luis Suárez
100%
7 Sporting CP Spain Francisco Trincão
75%
14 SC Braga Portugal Ricardo Horta
75%
22 SL Benfica Greece Vangelis Pavlidis
75%
18 CD Nacional Venezuela Jesús Ramírez
50%
7 CF Estrela Amadora Cape Verde Jovane Cabral
50%
10 SC Braga Spain Pau Víctor
50%
13 Sporting CP Portugal Pedro Gonçalves
50%
7 Vitória Guimarães SC Portugal Samu
50%
8 FC Porto Brazil William Gomes
50%
7 SL Benfica Norway Andreas Schjelderup
25%
10 Rio Ave FC Brazil Clayton
25%
10 Gil Vicente FC Brazil Pablo
25%
16 SC Braga Uruguay Rodrigo Zalazar
25%
9 FC Arouca Uruguay Alfonso Trezza
0%
7 Rio Ave FC Brazil André Luiz
0%
9 Moreirense FC Brazil Guilherme Schettine
0%
7 FC Arouca South Korea Hyun-ju Lee
0%
8 FC Arouca Spain Iván Barbero
0%
7 Rio Ave FC Spain Jalen Blesa
0%
9 FC Alverca Serbia Marko Milovanovic
0%
11 Gil Vicente FC Brazil Murilo
0%
13 FC Porto Spain Samu Aghehowa
0%
20 GD Estoril Praia Morocco Yanis Begraoui
0%
Nenhum quiz correspondente encontrado
Distribuição das Pontuações
Porcentagem de Pessoas com Cada Pontuação
Percentil de Números Respondidos
Sua Pontuação Histórica
Você não jogou esse quiz